| 000 | 00780nam a2200301Ia 4500 | ||
|---|---|---|---|
| 008 | 160803s9999 xx 000 0 und d | ||
| 020 | _a 9780060726164 | ||
| 100 | _adeGroat, Diane | ||
| 245 | _aBrand-new pencils, brand-new books / | ||
| 245 | _cDiane deGroat. | ||
| 260 | _aNew York : | ||
| 260 | _bScholastic Inc. | ||
| 260 | _c2005 | ||
| 300 | _a1 volume (unpaged) : | ||
| 300 | _bchiefly color illustrations ; | ||
| 300 | _c27 cm | ||
| 650 | _aAnimals -- | ||
| 650 | _aFirst day of school -- | ||
| 650 | _aFirst day of school -- | ||
| 650 | _aSchools -- | ||
| 650 | _aSchools -- | ||
| 650 | _xFiction. | ||
| 650 | _xFiction. | ||
| 650 | _xJuvenile fiction. | ||
| 650 | _xJuvenile fiction. | ||
| 650 | _xJuvenile fiction. | ||
| 700 | _a620 | ||
| 999 |
_c298364 _d298364 |
||